000 00294nam a22001337a 4500
008 170425b xxu||||| |||| 00| 0 eng d
020 _a9780781768795
041 _aeng
080 _2 6ED
_a54
100 _a12
101 _aSHM
245 _aMEDICAL CHEMISTRY
_cLEMKE.TH.L
942 _2udc
_cBK
999 _c11874
_d11874